• 首页
  • 本馆介绍
  • 公告通知
  • 最新文献
  • 馆藏检索
  • 电子资源
  • 读者导购
  • 参考咨询
  • 我的图书馆
  • 登录
  • 详细信息显示
  • 放入我的书架
  • 预约/预借图书
  • 作者相关作品
  • 分类相关作品
  • 丛书相关作品
  • 出版社相关作品

书目信息

  • 表格格式
  • 工作单格式
  • 卡片格式
书名: Principles of language learning and teaching =
作者: H. D. Brown著 ; 吴一安导读.
分册号:
分册名:
出版地: 北京 :
 
出版社: 外语教学与研究出版社
出版时间: 2002.
页数: 42, 356 p. :
开本: 23 cm.
丛书名: 当代国外语言学与应用语言学文库
中图分类号:
科图分类号:
其他分类号: H09
主题词:
电子资源:
000 02241nam a2200841 a 4500
001 E0739297194
003 CAL
005 20070819105721.51
008 930629r20021994cc a b 001 0 eng d
020    @a7560025390 :@cCNY32.90.
040    @aNUL@cNUL
050  4 @aP51@b.B775 1994
082 04 @a418/.007@220
090    @aH09
093    @aH09@24
094    @a41.177@23
099    @dH09@ex47=3
100 1  @aBrown, H. Douglas,@d1941-
245 10 @aPrinciples of language learning and teaching = :@b语言学习与语言教学的原则 / @cH. D. Brown著 ; 吴一安导读.
246 31 @a语言学习与语言教学的原则
250    @a3rd ed.
260    @a北京 :@b外语教学与研究出版社,@c2002.
300    @a42, 356 p. :@bill. ;@c23 cm.
440  0 @a当代国外语言学与应用语言学文库
504    @aIncludes bibliographical references (p. 300-334) and index.
534    @pReprint. Originally published:@cEnglewood Cliffs, N.J. : Prentice Hall Regents, c1994,@b3rd ed.@z0131919660.
546    @aIncludes introduction in Chinese.
650  0 @aLanguage acquisition.
650  0 @aLanguage and languages@xStudy and teaching.
700 1  @aWu, Yian (吴一安)
920    @a244050@z2
920    @a251010@z1
920    @a244290@z2
920    @a231010@z2
920    @a242170@z2
920    @a211090@z1
920    @a212020@z1
920    @a232010@z2
920    @a242020@z1
920    @a242010@z1
920    @a214010@z2
920    @a211260@z1
920    @a211010@z1
920    @a262070@z1
920    @a231030@z2
920    @a243325@z1
920    @a237385@z2
920    @a237010@z2
920    @a244010@z1
920    @a211060@z1
920    @a231220@z2
920    @a242120@z1
920    @a243040@z1
920    @a211162@z1
920    @a246060@z0
920    @a211168@z2
920    @a222220@z1
920    @a246010@z1
920    @a236010@z2
920    @a241061@z1
920    @a241420@z2
920    @a221020@z1
920    @a222020@z2
920    @a251020@z1
920    @a211340@z1
920    @a244180@z2
920    @a211270@z1
920    @a223140@z1
920    @a242250@z2
920    @a246040@z1
920    @a244020@z1
920    @a243160@z1
998    @aNUL
    
    Principles of language learning and teaching = : : 语言学习与语言教学的原则 / / H. D. Brown著 ; 吴一安导读.-3rd ed.-北京 : : 外语教学与研究出版社, , 2002.
    42, 356 p. : : ill. ; ; 23 cm.- (当代国外语言学与应用语言学文库)
    Includes bibliographical references (p. 300-334) and index.-Includes introduction in Chinese.
    
    ISBN 7560025390 :CNY32.90.
    
●
相关链接 在E读中查询图书 在五车中查询图书 在当当中查询图书 在豆瓣中查询图书


正题名:Principles of language learning and teaching =     索取号:H09/x47=3         预约/预借

序号 登录号 条形码 馆藏地/架位号 状态 备注
1 0017088   300170883   第二样本阅览室/ [索取号:H09/x47=3] 在馆    
2 0017089   300170892   第四借阅区/ [索取号:H09/x47=3] 在馆    
3 0017090   300170909   第四借阅区/ [索取号:H09/x47=3] 在馆    
4 0017091   300170918   第四借阅区/ [索取号:H09/x47=3] 在馆    
5 0017092   300170927   第四借阅区/ [索取号:H09/x47=3] 在馆    
唐山师范学院图书馆 欢迎您!
大连网信软件有限公司© 版权所有